|
|
|
|
| LEADER |
00858nam a22002417a 4500 |
| 001 |
37973 |
| 003 |
BD-DhAAL |
| 008 |
220306t1998 enk||||| |||| 00| 0 eng d |
| 999 |
|
|
|c 43651
|d 43651
|
| 020 |
|
|
|a 0752526855
|
| 020 |
|
|
|a 9780752526850
|
| 040 |
|
|
|a BD-DhAAL
|
| 082 |
|
|
|a 814.54
|
| 245 |
|
|
|a The little book of humorous quotations /
|c edited by Alison Bullivant
|
| 260 |
|
|
|a Parragon :
|b Siena,
|c c1998.
|
| 300 |
|
|
|a 256 pages ;
|c 15 cm.
|
| 541 |
|
|
|a Donated by Akbar Ali Khan
|e 37973
|
| 650 |
|
|
|a American wit and humor.
|9 46372
|
| 650 |
|
|
|a Quotations.
|9 46373
|
| 700 |
|
|
|a Bullivant, Alison
|9 46374
|
| 852 |
|
|
|a Ayesha Abed Library
|c Akbar Ali Khan Collection
|
| 942 |
|
|
|2 ddc
|c BK
|
| 952 |
|
|
|0 0
|1 0
|2 ddc
|4 0
|6 814_540000000000000_LIT
|7 1
|9 69981
|a BRACUL
|b BRACUL
|c AAKC
|d 2022-03-06
|e Donated by Akbar Ali Khan
|l 0
|o 814.54 LIT
|p 3010037973
|r 2022-03-06
|t 1
|w 2022-03-06
|y BK
|